书目信息 |
| 题名: |
中国舞蹈创编技巧研究
|
|
| 作者: | 刁金玲 著 | |
| 分册: | ||
| 出版信息: | 北京 新华出版社 2021.1 |
|
| 页数: | 197页 | |
| 开本: | 24cm | |
| 丛书名: | ||
| 单 册: | ||
| 中图分类: | J704 | |
| 科图分类: | ||
| 主题词: | 舞蹈创作--研究--中国 | |
| 电子资源: | ||
| ISBN: | 978-7-5166-4756-1 | |
| 000 | 00949nam0 2200229 45 | |
| 001 | 012001001098 | |
| 005 | 20130910143447.0 | |
| 010 | @a978-7-5166-4756-1@dCNY56.00 | |
| 100 | @a20200518d2019 em y0chiy0110 ea | |
| 101 | 0 | @achi |
| 102 | @aCN@b110000 | |
| 105 | @aa z 000yy | |
| 106 | @ar | |
| 200 | 1 | @a中国舞蹈创编技巧研究@Azhong guo wu dao chuang bian ji qiao yan jiu@f刁金玲著 |
| 210 | @a北京@c新华出版社@d2021.1 | |
| 215 | @a197页@c图@d24cm | |
| 330 | @a本书从舞蹈的基础知识入手,以中国特有古典舞和民族民间舞动作的分析为铺垫,逐步探讨中国舞蹈构思、中国舞蹈结构与构图、中国舞蹈创编的技法。总体研究内容贯穿了两条主线:其一是创作的技巧,选材——构思——结构——构图——完成作品的大致框架;其二是编舞的技巧,从中国古典舞和民间舞的形体动作积累,到完成作品动作语言的充实。 | |
| 606 | 0 | @a舞蹈创作@x研究@y中国 |
| 690 | @aJ704@v5 | |
| 701 | 0 | @a刁金玲@Adiao jin ling@4著 |
| 801 | @aCN@b江苏凤凰@c20211018 | |
| 905 | @b1342196-9@dJ704@e297@f4 | |
| 中国舞蹈创编技巧研究/刁金玲著.-北京:新华出版社,2021.1 |
| 197页:图;24cm |
| ISBN 978-7-5166-4756-1:CNY56.00 |
| 本书从舞蹈的基础知识入手,以中国特有古典舞和民族民间舞动作的分析为铺垫,逐步探讨中国舞蹈构思、中国舞蹈结构与构图、中国舞蹈创编的技法。总体研究内容贯穿了两条主线:其一是创作的技巧,选材——构思——结构——构图——完成作品的大致框架;其二是编舞的技巧,从中国古典舞和民间舞的形体动作积累,到完成作品动作语言的充实。 |
| ● |
| 相关链接 |
|
|
|
|
正题名:中国舞蹈创编技巧研究
索取号:J704/297
 
预约/预借
| 序号 | 登录号 | 条形码 | 馆藏地/架位号 | 状态 | 备注 |
| 1 | 1342196 | 213421965 | 第一样本阅览室/ [索取号:J704/297] | 在馆 | |
| 2 | 1342197 | 213421974 | 第一借阅区/ [索取号:J704/297] | 在馆 | |
| 3 | 1342198 | 213421983 | 第一借阅区/ [索取号:J704/297] | 在馆 | |
| 4 | 1342199 | 213421992 | 第一借阅区/ [索取号:J704/297] | 在馆 |